| 000 | 00436nam a2200157Ia 4500 | ||
|---|---|---|---|
| 008 | 240126s9999 xx 000 0 und d | ||
| 041 | _aEnglish | ||
| 082 | _aLIBRARY-XII | ||
| 245 | 0 | _aJournal of International Business Studies (2005 - | |
| 260 |
_bPalgrave, Macmillan _aUK |
||
| 440 | _aNULL | ||
| 520 | _aFor on-Line: http://www.jibs.net | ||
| 650 | _aBusiness,Studies,(2005,-,Management | ||
| 650 | _aManagement | ||
| 942 | _cJN | ||
| 999 |
_c271209 _d271209 |
||